000 00968nas a2200253 454500
001 16188
005 20260407193505.0
008 260407s1967####ag###########|||spa#d
003 AR-UNSa-BCEJYS
040 _aAR-UNSa-BCEJYS
_bspa
_cAR-UNSa-BCEJYS
080 _a311.3
_xOrganización general de las estadisticas. Estadística oficial
245 1 0 _aCosto de vida
264 1 _aBuenos Aires :
_bDirección Nacional de Estadística y Censos
_c1967
310 _aFrecuencia: Mensual
505 _aCambia de nombre la responsabilidad a partir del Nº 63 por Instituto Nacional de Estadística y Censos
041 _aspa
942 _cSER
590 _aniveau_biblio:s niveau_hierar:1
100 1 _aArgentina. Dirección Nacional de Estadística y Censos
650 _aPrecio de productos básicos
650 _aCondiciones de vida
650 _aESTADISTICA
856 4 1 _uhttps://biblioeco.unsa.edu.ar/pmb/images/revistas/Costo de Vida.jpg
_yImagen de portada
_qimage/jpeg
999 _c8489
_d8489